Loading...
| Literature - American Literature | 3 | 6 | 0 | 0 | 105 | 29 | 85.89 | 5 | 7 |
| Fine Arts - Visual Fine Arts | 1 | 7 | 1 | 1 | 80 | 58 | 96.13 | 3 | 6 |
| Philosophy | 1 | 6 | 1 | 0 | 70 | 56 | 84.71 | 2 | 7 |
| Literature - European Literature | 2 | 4 | 0 | 1 | 70 | 26 | 98.00 | 3 | 4 |
| Beliefs | 2 | 3 | 1 | 1 | 55 | 43 | 94.40 | 1 | 4 |
| Literature - British Literature | 1 | 5 | 2 | 0 | 55 | 38 | 96.00 | 2 | 5 |
| World and Other Literature | 1 | 4 | 1 | 0 | 50 | 82 | 95.60 | 1 | 5 |
| History - American History | 0 | 5 | 1 | 1 | 45 | 69 | 89.40 | 0 | 4 |
| Fine Arts - Auditory Fine Arts | 0 | 5 | 2 | 0 | 40 | 71 | 101.20 | 0 | 5 |
| Social Science | 0 | 4 | 0 | 0 | 40 | 83 | 102.50 | 2 | 4 |
| History - European History | 1 | 2 | 0 | 0 | 35 | 53 | 75.67 | 1 | 3 |
| Other Arts: Visual | 0 | 3 | 0 | 0 | 30 | 103 | 110.67 | 2 | 2 |
| Ancient History and Archaeology | 0 | 3 | 0 | 1 | 30 | 102 | 112.33 | 0 | 2 |
| Other Arts: Auditory | 0 | 3 | 0 | 0 | 30 | 77 | 111.00 | 0 | 2 |
| Science - Chemistry | 0 | 3 | 1 | 1 | 25 | 86 | 99.67 | 0 | 2 |
| History - World History | 0 | 3 | 1 | 1 | 25 | 78 | 110.00 | 0 | 1 |
| Other Science: Astronomy | 0 | 2 | 0 | 0 | 20 | 114 | 116.00 | 0 | 1 |
| Other Science: Computer Science | 0 | 2 | 0 | 1 | 20 | 103 | 118.00 | 0 | 1 |
| Other Science: Earth Science | 0 | 2 | 0 | 1 | 20 | 124 | 129.50 | 0 | 2 |
| Science - Biology | 0 | 3 | 3 | 1 | 15 | 116 | 124.00 | 0 | 0 |
| Current Events | 0 | 1 | 0 | 1 | 10 | 118 | 118.00 | 1 | 1 |
| British and Commonwealth History | 0 | 1 | 0 | 0 | 10 | 107 | 107.00 | 0 | 1 |
| Science - Physics | 0 | 1 | 2 | 1 | 0 | 125 | 125.00 | 0 | 1 |
| Geography | 0 | 1 | 3 | 0 | -5 | 61 | 61.00 | 0 | 1 |
| Other Science: Math | 0 | 0 | 1 | 0 | -5 | 0.00 | 0 | 0 | |
| Chemistry> | 0 | 0 | 1 | 0 | -5 | 0.00 | 0 | 0 |